00453nam a2200181Ia 4500003000900000008004100009040001300050040001300063041000800076100002300084245009100107250000900198260002800207260000900235300001100244300001000255490000600265IT-RoPAU120407s9999 xx 000 0 und d aIT-RoPAU cIT-RoPAU aita aSerafino Marchetti aDalla cattedra all’Altare. Il Venerabile servo di Dio prof. Contardo Ferrini. 2a ed. aAlba aPia Società San Paolo c1942 a157 p. c22 cm v1